| 000 | 00749nam a22002297a 4500 | ||
|---|---|---|---|
| 003 | OSt | ||
| 008 | 250606b |||||||| |||| 00| 0 eng d | ||
| 082 |
_a632.9 _bS48S |
||
| 100 | _aSingh, Ramanand. | ||
| 245 |
_aStudies on the Effect of Root-Knot Nematode- Meloidogyne incognita (Kofoid and White 1919) Chitwood, 1949 Alone and in Combination With Some Fusarium spp. on Seedling Emergence and Growth of Cauliflower, Bronjal and Tomato / _cby Ramanand Singh |
||
| 260 |
_a.- Dholi, Muzaffarpur _b: TCA _c, 1977 |
||
| 300 | _a62p. | ||
| 502 | _bM. Sc. | ||
| 650 | _aZoology & Entomology | ||
| 650 | _aNematode | ||
| 650 | _aCauliflower | ||
| 650 | _aBrinjal | ||
| 650 | _aTomato | ||
| 650 | _aThesis | ||
| 650 | _aM. Sc. | ||
| 942 |
_2ddc _cT |
||
| 999 |
_c48169 _d48169 |
||